000 00682nam a2200217 u 4500
005 20241203063744.0
008 170118s2011 r 000 0 eng d
020 _a9788498256451
035 _aUPN01000215325
049 _aI
050 4 _aQE861.5
_bE4.3
100 1 _aElie, Mathilde
_940080
245 1 0 _aEn el tiempo de los dinosaurios /
_cMathilde Elie ; tr. Núria Riambau.
260 _aBarcelona, Esp. :
_bCombel,
_c2011.
300 _a67 p. :
_bil. col.
534 _pTítulo original:
_tAu temps de dinosaures
650 4 _aDinosaurios
_vLiteratura infantil
_99370
650 4 _aPALEONTOLOGIA -
_vLITERATURA INFANTIL
_95270
905 _aInfantil
999 _c187425
_d187425